| 000 | 00496cam a2200193 a 4500 | ||
|---|---|---|---|
| 001 | 2249789 | ||
| 003 | BD-DhUL | ||
| 005 | 20161227095533.0 | ||
| 008 | 891027s1947 nyu 0 eng d | ||
| 035 | _a2249789 | ||
| 040 |
_aNUN:S _beng _cNUN:S _dBD-DhUL |
||
| 082 |
_a709 _bDIH |
||
| 100 | 1 | _aDimand, M. S. | |
| 245 | 1 | 2 |
_aA handbook of Muhammadan art / _cM. S. Dimand. |
| 250 | _a2nd ed. | ||
| 260 |
_aNew York : _bHartsdale House, _c1947. |
||
| 300 |
_a347 p. ; _c21 cm. |
||
| 942 |
_2ddc _cBK |
||
| 999 |
_c142087 _d142087 |
||